Statistiques concernant Culture Générale - Série 1540

Cliquez ici pour prendre le quiz!

Statistiques générales

  • Ce quiz a été pris 98 fois
  • Le résultat moyen est 5 sur 10

Statistiques - réponses

QuestionRéponse% Correct
Quel État d'Amérique du Sud doit son nom à la ligne imaginaire qui le traverse et coupe la Terre en deux hémisphères ?'Équateur
90%
Quel pays a des frontières communes avec la Finlande et la Norvège ?Russie
87%
Quel sommet de l'Himalaya porte en tibétain un nom qui signifie “Déesse mère du Monde” ?Everest
75%
A quel saint est attribué le quatrième Évangile canonique ?Jean
73%
Dans les années 1980, quelle chanteuse interprète "Pandi-Panda", "Un lapin" et "Mécky le hérisson" ?Chantal Goya
70%
Dans la bande dessinée Tintin, à quel pirate cruel associe-t-on le trésor de la Licorne ?Rackham Le Rouge
45%
Sous quel nom connait-on mieux l'acteur, réalisateur et producteur de cinéma américain, Nicolas Kim Coppola ?Nicolas Cage
40%
En 1964, avec quelle chanteuse les Beatles partagent-ils l'affiche de l'Olympia ?Sylvie Vartan
33%
Qui a inventé le sémaphore (télégraphie aérienne), en 1791 ?Claude Chappe
7%
Quel nom porte la première portion du gros intestin ?caecum
6%

Distribution des résultats

Percentile par nombre de réponses

% des personnes avec chaque résultat

Votre développement - résultats

Vous n’avez pas pris ce quiz